00262nam a2200097Ia 45000010005000000080041000050820025000461000021000712450024000922600048001163965241024s9999 xx 000 0 und d aRD/861.44/P438m/2012 aAna Rosa Pérez 0aEl manatial de Rosa bRepública Dominicana, Santo Domingoc2012